| 000 | 00965nam a2200229 a 4500 | ||
|---|---|---|---|
| 001 | 000022286 | ||
| 005 | 20250502073819.0 | ||
| 008 | 100921t1984 dr 001 0dspa d | ||
| 040 |
_aDO-SdBNP _bspa _cBNPHU |
||
| 082 |
_a923.27293 _bD812D |
||
| 100 | 1 |
_aDespradel y Batista, Guido _946044 |
|
| 245 | 1 | 0 |
_aDuarte y aporte de la familia Duarte-Diez a la independencia dominicana / _cGuido Despradel y Batista ; prólogo Vetilio Alfau Durán. |
| 260 |
_aSanto Domingo : _bONAP, _c1984. |
||
| 300 |
_a60 p. ; _c21 cm. |
||
| 500 | _aIncluye referencias bibliográficas y notas al pie de las páginas. | ||
| 590 | _aInventariado, 2020/VM | ||
| 600 | 1 | 0 |
_aDuarte, Juan Pablo, _d1813-1876 _91494 |
| 651 | 0 |
_aRepública Dominicana -- _xHistoria -- _y1844-1930 _91009 |
|
| 700 | 1 |
_aAlfau Durán, Vetilio, _d1909-1985 _epról. _910091 |
|
| 710 | 1 |
_aRepública Dominicana. _bOficina Nacional de Administración y Personal _926398 |
|
| 910 | _aValidado. Control de calidad EMS | ||
| 999 |
_c21784 _d21784 |
||